Statistiques concernant Vocabulaire espagnol 5

Cliquez ici pour prendre le quiz!

Statistiques générales

  • Ce quiz a été pris 63 fois
  • Le résultat moyen est 39 sur 100

Statistiques - réponses

Mots FRMots ES% Correct
OrangeNaranja
82%
SelSal
79%
FromageQueso
76%
BouteilleBotella
74%
PouletPollo
74%
PommeManzana
71%
SucreAzucar
68%
ViandeCarne
68%
JambonJamon
68%
CitronLimon
68%
VacheVaca
68%
Petit Déjeuner (le)Desayuno
66%
FraiseFresa
66%
MelonMelon
66%
ChevalCaballo
63%
FruitFruta
63%
OeufHuevo
63%
LionLeon
63%
Poisson (Nourriture)Pescado
63%
AssiettePlato
63%
TomateTomate
63%
Dîner (le)Cena
58%
MoustiqueMosquito
58%
AraignéeArana
55%
ChèvreCabra
53%
CouteauCuchillo
53%
TaureauToro
53%
VerreVaso
53%
OursOso
50%
Paille (Boire)Paja
50%
PâtesPastas
50%
LégumeVerdura
50%
YaourtYogur
50%
RizArroz
47%
PoirePera
47%
TasseTaza
47%
CuillèreCuchara
45%
PêcheMelocoton
45%
MoucheMosca
45%
BananePlatano
45%
SourisRaton
45%
FourchetteTenedor
45%
CarotteZanahoria
45%
FramboiseFrambuesa
42%
LoupLobo
42%
OiseauPajaro
42%
HuileAceite
39%
Déjeuner (le)Almuerzo
39%
OignonCebolla
39%
CochonCerdo
39%
Addition (Repas)Cuenta
39%
InsecteInsecto
39%
RatRata
39%
RaisonUva
39%
BaleineBallena
37%
DauphinDelfin
37%
Entrée (Repas)Entrada
37%
SingeMono
37%
AilAjo
34%
CeriseCereza
34%
AnanasPina
34%
DessertPostre
34%
ÂneBurro
32%
PouleGallina
32%
MaïsMaiz
32%
OliveOliva
32%
ConcombrePepino
32%
SaucisseSalchicha
32%
DigestifDigestivo
29%
PoivrePimienta
29%
PastèqueSandia
29%
LapinConejo
26%
GirafeJirafa
26%
BonbonDulce
24%
SaladeLechuga
24%
PigeonPaloma
24%
ZèbreCebra
21%
CoqGallo
21%
CarafeJarra
21%
PieuvrePulpo
21%
SaucissonSalchichon
21%
CrocodileCocodrilo
18%
ChouCol
18%
AbricotAlbaricoque
16%
EpinardEspinaca
16%
AmandeAlmendra
13%
HaricotsFrijoles
11%
GrenadineGranadina
11%
PerroquetLoro
11%
Petits poisGuisantes
8%
Serviette de tableServilleta
8%
VanilleVainilla
8%
MorceauPedazo
5%
BetteraveRemolacha
5%
MyrtilleArandano
3%
MoutonCarnero
3%
BolCuenco
3%
SiropRefresco
3%
RequinTibujon
3%
PimentPimiento picante
0%

Distribution des résultats

Percentile par nombre de réponses

% des personnes avec chaque résultat

Votre développement - résultats

Vous n’avez pas pris ce quiz